A study of linguistic features of proverbs expressing willingness to work and laziness in English versus Vietnamese
Introduction; Literature review and theoretical background; Research methods...
Spremljeno u:
| Glavni autor: | |
|---|---|
| Daljnji autori: | |
| Format: | Nepoznato |
| Jezik: | English |
| Izdano: |
Da Nang :
University of Danang,
2013.
|
| Teme: | |
| Oznake: |
Dodaj oznaku
Bez oznaka, Budi prvi tko označuje ovaj zapis!
|
| Thư viện lưu trữ: | Mạng thư viện Đại học Đà Nẵng |
|---|
| LEADER | 02894na a2200361 4500 | ||
|---|---|---|---|
| 001 | 000031309 | ||
| 003 | 5948 | ||
| 005 | 20230531093442.0 | ||
| 008 | 151001s2013 000 eng | ||
| 082 | |a 420.4 |b VO-C | ||
| 100 | |a Võ Thị Hồng Cẩm | ||
| 245 | 1 | 2 | |a A study of linguistic features of proverbs expressing willingness to work and laziness in English versus Vietnamese |h [Thesis-Luận văn thạc sĩ] / |c Võ Thị Hồng Cẩm ; Hồ Thị Kiều Oanh hướng dẫn. |
| 260 | |a Da Nang : |b University of Danang, |c 2013. | ||
| 300 | |a vii, 82 tr. ; |c 29 cm. + |e 1 tóm tắt. | ||
| 500 | |a Includes appendices. | ||
| 500 | |a Master thesis in social sciences and humanities. Field: The English language. Code: 60.22.15. | ||
| 520 | 3 | |a Introduction; Literature review and theoretical background; Research methods... | |
| 630 | 0 | 4 | |a English language. |
| 650 | 0 | 4 | |a English language |x Proverbs. |
| 700 | 1 | |a Hồ Thị Kiều Oanh, |c Ph.D., |e Supervisor. | |
| OWN | |a LNN | ||
| AVA | |a UDN50 |b LNN |c English |d 420.4 VO-C |e available |t Error 5001 Not defined in file expand_doc_bib_avail. |f 1 |g 0 |h N |i 0 |j AN |k 1 | ||
| Z40 | 3 | |y A study of linguistic features of proverbs expressing willingness to work and laziness in English ve |l Library of UFL |t VIEW |x http://catalog.udn.vn:80/F?func=service&doc_library=UDN01&local_base=UDN01&doc_number=000031309&sequence=000001&line_number=0001&func_code=DB_RECORDS&service_type=MEDIA |f TOMTAT_000025114.pdf |e pdf |s 000301829 |k 20230531 |m NTMTHI | |
| Z40 | 3 | |y A study of linguistic features of proverbs expressing willingness to work and laziness in English ve |l Library of UFL |t VIEW |x http://catalog.udn.vn:80/F?func=service&doc_library=UDN01&local_base=UDN01&doc_number=000031309&sequence=000002&line_number=0002&func_code=DB_RECORDS&service_type=MEDIA |f LUANVAN_000025116.pdf |e pdf |s 000600242 |k 20230531 |m NTMTHI | |
| 999 | |a From the UDN01 | ||
| AVA | |a UDN50 |b LNN |c English |d 420.4 VO-C |e available |t Error 5001 Not defined in file expand_doc_bib_avail. |f 1 |g 0 |h N |i 0 |j AN |k 1 | ||
| TYP | |a Printed language | ||
| 856 | |y A study of linguistic features of proverbs expressing willingness to work and laziness in English ve |l Library of UFL |t VIEW |x http://catalog.udn.vn:80/F?func=service&doc_library=UDN01&local_base=UDN01&doc_number=000031309&sequence=000001&line_number=0001&func_code=DB_RECORDS&service_type=MEDIA |f TOMTAT_000025114.pdf |e pdf |s 000301829 |k 20230531 |m NTMTHI | ||
| 856 | |y A study of linguistic features of proverbs expressing willingness to work and laziness in English ve |l Library of UFL |t VIEW |x http://catalog.udn.vn:80/F?func=service&doc_library=UDN01&local_base=UDN01&doc_number=000031309&sequence=000002&line_number=0002&func_code=DB_RECORDS&service_type=MEDIA |f LUANVAN_000025116.pdf |e pdf |s 000600242 |k 20230531 |m NTMTHI | ||
| 980 | |a Mạng thư viện Đại học Đà Nẵng | ||